|
|
|
|
| LEADER |
00000cam a2200000 a 4500 |
| 001 |
65190 |
| 005 |
20230308161329.0 |
| 008 |
993060|1956 ||||||||r|||||||||||spa|| |
| 040 |
|
|
|b spa
|
| 041 |
1 |
|
|a eng
|
| 082 |
0 |
|
|a 843.7
|
| 100 |
1 |
|
|a Stendhal.
|d 1783-1842
|9 55749
|
| 245 |
|
|
|a The Charterhouse of Parma
|c Henri Beyle, seu. Stendhal
|h imp
|
| 264 |
|
|
|a New York
|b Doubleday y Company
|c 1956
|
| 300 |
|
|
|a 510 páginas:
|c 18 cm
|
| 500 |
|
|
|a Henri Beyle (seud. Stendhal)
|
| 650 |
|
|
|a Literatura francesa
|9 1619
|
| 650 |
|
|
|a Narrativa
|9 446
|
| 650 |
|
0 |
|a Novela
|9 431
|
| 852 |
|
|
|a UC-CDJBV
|c ESTANTERIA CERRADA
|f Donación
|k npena
|l 1
|m General
|p 19930602
|q 10,00
|r 2
|t 65190
|b 0
|d CDRC
|e CDRC
|g 843.7 ESTANTERIA CERRADA
|z 1993-30-60
|
| 942 |
|
|
|c BK
|
| 999 |
|
|
|c 14105
|d 14105
|